[Event "Gibraltar Masters 2020"]
[Site "Caleta ENG"]
[Date "2020.01.25"]
[Round "5.79"]
[White "De Lange, Job"]
[Black "Buckels, Valentin"]
[Result "1/2-1/2"]
[BlackTitle "IM"]
[WhiteElo "2211"]
[BlackElo "2459"]
[WhiteFideId "1001191"]
[BlackFideId "12942766"]
[EventDate "2020.01.21"]

1. c4 e5 2. Nc3 Nc6 3. Nf3 f5 4. g3 Nf6 5. d4 e4 6. Nh4 g6 7. Bg5 Bg7 8. e3 Ne7
9. Ng2 h6 10. Bxf6 Bxf6 11. Nf4 d6 12. Bg2 O-O 13. f3 exf3 14. Bxf3 c6 15. O-O
Bd7 16. Qb3 Qb6 17. Qa3 Qc7 18. Rad1 g5 19. Nfe2 Be6 20. d5 cxd5 21. cxd5 Bd7
22. Nd4 Qb6 23. Qb3 Bxd4 24. Rxd4 Qxb3 25. axb3 Ng6 26. Be2 Ne5 27. Rb4 b6 28.
Ra1 Rfc8 29. Kf2 Rcb8 30. Rd4 a6 31. b4 b5 32. Ra2 Bc8 33. Ra1 Bb7 34. Ke1 Re8
35. Kd2 Re7 36. Rf1 Rf8 37. h3 Bc8 38. Rf2 Kg7 39. Rf1 Rfe8 40. Bd3 Kg6 41. b3
Rf7 42. Bc2 Kg7 43. Bd1 Ref8 44. Bh5 Re7 45. Be2 Nd7 46. Rc1 Nf6 47. Bf3 Rc7 48.
Ne2 Rxc1 49. Nxc1 Re8 50. Ne2 Nd7 51. Nc3 Ne5 52. Be2 Bd7 53. Bd1 Rc8 54. Be2
Ra8 55. Kc2 Rc8 56. Rd1 Re8 57. Kd2 Bc8 58. Rf1 Ng6 59. Bh5 Re7 60. Bxg6 Kxg6
61. Kd3 Bb7 62. Kd4 Re5 63. Rf2 a5 64. e4 fxe4 65. bxa5 e3 66. Re2 b4 67. Na2
Rxd5+ 68. Kxe3 Rxa5 69. Kd4 Ra3 70. Rb2 Bc8 71. Nxb4 Bxh3 72. Nc2 Ra8 73. b4 Bg2
74. Ne3 Bb7 75. Nc4 Ra6 76. b5 Ra4 77. Kc3 d5 78. Nd6 Ba8 79. b6 Rg4 80. b7
Rxg3+ 81. Kd4 Bxb7 82. Rxb7 h5 83. Rb6 Rg1 84. Kxd5 h4 85. Ke4 Kh5 86. Kf3 Rg3+
87. Kf2 Kg4 88. Ne4 Ra3 89. Nxg5 Ra2+ 90. Kg1 Kxg5 91. Rb4 h3 92. Kh1 h2 93. Rc4
Ra1+ 94. Kxh2 1/2-1/2

[Event "Gibraltar Masters 2020"]
[Site "Caleta ENG"]
[Date "2020.01.25"]
[Round "5.80"]
[White "Byron, Alan M"]
[Black "Paveto, Kevin"]
[Result "0-1"]
[BlackTitle "IM"]
[WhiteElo "2208"]
[BlackElo "2452"]
[WhiteFideId "401773"]
[BlackFideId "173444"]
[EventDate "2020.01.21"]

1. e4 e5 2. Nf3 Nc6 3. Bb5 a6 4. Ba4 Nf6 5. O-O b5 6. Bb3 Bb7 7. Re1 Bc5 8. c3
d6 9. d4 Bb6 10. Be3 O-O 11. Nbd2 h6 12. h3 exd4 13. cxd4 Nb4 14. d5 Nd3 15. Re2
Nh5 16. Nf1 Ndf4 17. Re1 Qf6 18. Qd2 Nxh3+ 19. Kh2 N3f4 20. g3 Nxd5 21. exd5
Qxf3 22. Bxb6 cxb6 23. Re7 Bc8 24. Rae1 Nf6 25. Ne3 Ne4 26. Rxe4 Qxe4 27. Bc2
Qf3 28. Kg1 Re8 29. Qd3 g6 30. Qd4 Bh3 31. Bd1 Qe4 32. Qxb6 Qb4 33. Re2 Rac8 34.
a3 Qc5 35. Qxa6 Qd4 36. Bc2 Rxe3 37. fxe3 Qg4 38. Qxb5 Qxg3+ 39. Kh1 Bg4 0-1

[Event "Gibraltar Masters 2020"]
[Site "Caleta ENG"]
[Date "2020.01.25"]
[Round "5.81"]
[White "Janzelj, Lara"]
[Black "Sukandar, Irine Kharisma"]
[Result "1-0"]
[WhiteTitle "WIM"]
[BlackTitle "IM"]
[WhiteElo "2195"]
[BlackElo "2402"]
[WhiteFideId "14608391"]
[BlackFideId "7101937"]
[EventDate "2020.01.21"]

1. d4 Nf6 2. c4 e6 3. g3 d5 4. Nf3 dxc4 5. Bg2 Bb4+ 6. Bd2 a5 7. O-O O-O 8. Bg5
Be7 9. Qa4 h6 10. Bxf6 Bxf6 11. Qxc4 Nc6 12. Rd1 Qe7 13. Nc3 Qb4 14. Qd3 Qxb2
15. Ne4 Qb4 16. Nxf6+ gxf6 17. Qe3 Kg7 18. Rab1 Qd6 19. Rb5 Ne7 20. Qd2 Bd7 21.
Rxb7 Bc6 22. Rb2 a4 23. Nh4 a3 24. Bxc6 Nxc6 25. Rc2 Rfd8 26. e3 Ne7 27. Rdc1 c6
28. Rc5 Qb8 29. Ng2 Rd5 30. R5c4 Raa5 31. Nf4 Rg5 32. Nd3 Rab5 33. R4c3 Qa7 34.
Kg2 Qa5 35. e4 Rb6 36. Qe3 Ra6 37. Nc5 Ra7 38. h4 Rg6 39. Rb3 f5 40. exf5 Nxf5
41. Qe5+ Kh7 42. h5 Rg5 43. Qf4 Qd8 44. Ne4 Nxd4 45. Rb8 Qd5 46. Rc5 Ne2 47. Qf3
Qd1 48. Nf6+ 1-0

[Event "Gibraltar Masters 2020"]
[Site "Caleta ENG"]
[Date "2020.01.25"]
[Round "5.82"]
[White "Mullick, Raahil"]
[Black "Wall, Tim P"]
[Result "1-0"]
[WhiteTitle "CM"]
[BlackTitle "FM"]
[WhiteElo "2382"]
[BlackElo "2218"]
[WhiteFideId "35080350"]
[BlackFideId "401641"]
[EventDate "2020.01.21"]

1. e4 e5 2. Nf3 Nc6 3. Bb5 a6 4. Ba4 d6 5. c3 f5 6. d3 Nf6 7. Qe2 Be7 8. O-O
fxe4 9. dxe4 Bg4 10. h3 Bh5 11. Qe3 Qd7 12. Rd1 b5 13. Bb3 h6 14. Rd3 g5 15.
Nbd2 Bg6 16. a4 Rb8 17. axb5 axb5 18. Ra6 Kf8 19. h4 g4 20. Nh2 Nd8 21. f4 Qc8
22. fxe5 dxe5 23. Qa7 Rb6 24. Rxb6 Bc5+ 25. Kh1 Bxb6 26. Qa3+ Ke8 27. Qb4 Qa6
28. c4 Nc6 29. Qxb5 Qxb5 30. cxb5 Nd4 31. Bd1 h5 32. Nhf1 Ke7 33. Ng3 Ra8 34.
Ra3 Rd8 35. Rd3 Be8 36. b3 Ra8 37. Nc4 Bxb5 38. Bg5 Rh8 39. Nxb6 cxb6 40. Rxd4 1-0

[Event "Gibraltar Masters 2020"]
[Site "Caleta ENG"]
[Date "2020.01.25"]
[Round "5.83"]
[White "Hedman, Erik"]
[Black "Onabogun, Kolade"]
[Result "1-0"]
[WhiteTitle "IM"]
[WhiteElo "2376"]
[BlackElo "2198"]
[WhiteFideId "1702351"]
[BlackFideId "8500410"]
[EventDate "2020.01.21"]

1. d4 Nf6 2. Nf3 g6 3. e3 Bg7 4. Be2 O-O 5. O-O d6 6. b3 c5 7. Bb2 cxd4 8. exd4
d5 9. Nbd2 Nc6 10. Re1 Bf5 11. Nf1 Bh6 12. a3 Rc8 13. Ng3 Bxc2 14. Qxc2 Nxd4 15.
Qd1 Nc2 16. Bd3 Nxe1 17. Qxe1 Nd7 18. b4 Bg7 19. Ne5 Nxe5 20. Bxe5 f6 21. Bd4 e5
22. Bc5 Rf7 23. f4 b6 24. Bf2 Kh8 25. fxe5 fxe5 26. Rd1 Qf6 27. Be3 Qe6 28. Bb1
Qc6 29. Ba2 Rd7 30. Rc1 Qb7 31. Rd1 Re8 32. Bb3 Bf6 33. Qf1 Rf8 34. Bh6 Bg7 35.
Bxg7+ Kxg7 36. Qe2 e4 37. Qb2+ Kh6 38. Qd2+ Kg7 39. Nxe4 1-0

[Event "Gibraltar Masters 2020"]
[Site "Caleta ENG"]
[Date "2020.01.25"]
[Round "5.84"]
[White "Reimanis, Ritvars"]
[Black "Cholleti, Sahajasri"]
[Result "1-0"]
[WhiteTitle "FM"]
[BlackTitle "WFM"]
[WhiteElo "2370"]
[BlackElo "2202"]
[WhiteFideId "11602988"]
[BlackFideId "5045118"]
[EventDate "2020.01.21"]

1. d4 Nf6 2. c4 e6 3. Nf3 d5 4. Nc3 Bb4 5. Bg5 h6 6. Bxf6 Qxf6 7. Qa4+ Nc6 8. e3
O-O 9. Be2 dxc4 10. O-O a6 11. Bxc4 Bd6 12. Ne4 Qe7 13. Rac1 Bd7 14. Qc2 Rac8
15. a3 e5 16. d5 Nb8 17. Rfd1 Bg4 18. Be2 Bf5 19. Bd3 g6 20. Nfd2 b6 21. Nc3 Bd7
22. Nce4 Bf5 23. Qa4 b5 24. Qb3 Bxe4 25. Nxe4 Nd7 26. Rc6 f5 27. Nxd6 cxd6 28.
Qc2 Rxc6 29. Qxc6 Nb8 30. Qc3 Qb7 31. e4 Rc8 32. Qb4 Qd7 33. exf5 gxf5 34. Qh4
e4 35. Bb1 Qg7 36. Qf4 Qg6 37. f3 exf3 38. Qxf3 Rf8 39. Rf1 Qf6 40. Bxf5 Qd4+
41. Qf2 Qxf2+ 42. Rxf2 Kg7 43. g4 Rf7 44. Rc2 Kf6 45. Rc8 Nd7 46. Rd8 Nc5 47.
Rxd6+ Ke5 48. Rxh6 1-0

[Event "Gibraltar Masters 2020"]
[Site "Caleta ENG"]
[Date "2020.01.25"]
[Round "5.85"]
[White "Zhou, Guijue"]
[Black "Barrish, Daniel"]
[Result "0-1"]
[WhiteTitle "WIM"]
[BlackTitle "FM"]
[WhiteElo "2193"]
[BlackElo "2352"]
[WhiteFideId "8602905"]
[BlackFideId "14304600"]
[EventDate "2020.01.21"]

1. e4 c5 2. Nf3 e6 3. d4 cxd4 4. Nxd4 Nc6 5. Nc3 Qc7 6. g3 a6 7. Bg2 Nge7 8. O-O
Nxd4 9. Qxd4 Nc6 10. Qd3 Bc5 11. Bf4 Ne5 12. Qd2 d6 13. Na4 Ba7 14. Rad1 b5 15.
Nc3 Bb7 16. b3 Rd8 17. a4 b4 18. Ne2 a5 19. Nd4 Ba6 20. Nb5 Bxb5 21. axb5 O-O
22. h3 Bc5 23. Be3 Qb6 24. Bxc5 Qxc5 25. Qe2 Rb8 26. Rfe1 Rfc8 27. Bf1 Qxc2 28.
Qxc2 Nf3+ 29. Kh1 Rxc2 30. Re3 Rxf2 31. Bg2 Ne5 32. Rxd6 Kf8 33. Kg1 Ra2 34. Bf1
Rc8 35. Re2 Ra3 36. Rb2 Ke7 37. Rd1 Rb8 38. Kf2 f6 39. Be2 Nf7 40. Rc2 Rxb3 41.
Rc7+ Ke8 42. Rdd7 Ng5 43. Rxg7 Kf8 44. h4 Nxe4+ 45. Kg2 Rxg3+ 46. Rxg3 Nxg3 47.
Bc4 Nf5 48. Bxe6 Nd6 49. Rd7 Rb6 50. h5 h6 51. Bb3 Nxb5 52. Rf7+ Ke8 53. Rh7 Nd4
54. Bf7+ Kf8 55. Bg6 b3 56. Rxh6 f5 57. Rh8+ Kg7 58. Rh7+ Kf6 0-1

[Event "Gibraltar Masters 2020"]
[Site "Caleta ENG"]
[Date "2020.01.25"]
[Round "5.86"]
[White "Divya, Deshmukh"]
[Black "Podetti, Davide"]
[Result "1-0"]
[WhiteTitle "WIM"]
[WhiteElo "2322"]
[BlackElo "2187"]
[WhiteFideId "35006916"]
[BlackFideId "893617"]
[EventDate "2020.01.21"]

1. d4 Nf6 2. Bg5 Ne4 3. Bf4 d5 4. e3 c5 5. Bd3 cxd4 6. exd4 Bf5 7. f3 Qa5+ 8.
Nd2 e5 9. dxe5 Bc5 10. fxe4 dxe4 11. c3 Bxg1 12. Nxe4 Qb6 13. Qa4+ Bd7 14. Qa3
Be6 15. Nd6+ Kd7 16. O-O-O Bc5 17. Qa4+ Nc6 18. Nc4 Qa6 19. Qxa6 bxa6 20. b4 Be7
21. Ne3 Kc7 22. Bxa6 Rhd8 23. Bc4 Kb7 24. Kb2 Rac8 25. Bg3 a5 26. Bxe6 fxe6 27.
a3 axb4 28. axb4 Kc7 29. Rhf1 Rf8 30. Nc2 h5 31. h4 Rb8 32. Rxf8 Rxf8 33. b5 Nd8
34. c4 Bc5 35. Kc3 Nb7 36. Nb4 Bb6 37. Na6+ Kc8 38. Kb4 1-0

[Event "Gibraltar Masters 2020"]
[Site "Caleta ENG"]
[Date "2020.01.25"]
[Round "5.87"]
[White "Heinemann, Josefine"]
[Black "Tejaswini, Sagar"]
[Result "1/2-1/2"]
[WhiteTitle "WGM"]
[BlackTitle "WIM"]
[WhiteElo "2317"]
[BlackElo "2180"]
[WhiteFideId "12900460"]
[BlackFideId "5054290"]
[EventDate "2020.01.21"]

1. e4 e5 2. Nf3 Nc6 3. Bb5 a6 4. Ba4 Nf6 5. O-O Be7 6. Re1 b5 7. Bb3 O-O 8. a4
b4 9. d3 d6 10. Nbd2 Na5 11. Ba2 c5 12. c3 Rb8 13. h3 Qc7 14. Nc4 Be6 15. Nxa5
Bxa2 16. Rxa2 Qxa5 17. cxb4 Qxb4 18. Bd2 Qb3 19. Qxb3 Rxb3 20. Bc3 Bd8 21. Nd2
Rb8 22. Nc4 Bc7 23. Raa1 Rfe8 24. Rac1 Rbd8 25. g3 d5 26. exd5 Rxd5 27. Re3 Nd7
28. f4 f6 29. Rce1 Rb8 30. fxe5 Nxe5 31. Bxe5 Bxe5 32. Nxe5 1/2-1/2

[Event "Gibraltar Masters 2020"]
[Site "Caleta ENG"]
[Date "2020.01.25"]
[Round "5.88"]
[White "Ajele, Rotimi"]
[Black "Pein, Malcolm"]
[Result "0-1"]
[BlackTitle "IM"]
[WhiteElo "2188"]
[BlackElo "2310"]
[WhiteFideId "8502994"]
[BlackFideId "400289"]
[EventDate "2020.01.21"]

1. d4 Nf6 2. c4 g6 3. Nc3 Bg7 4. e4 d6 5. Be2 O-O 6. Bg5 Nbd7 7. Qd2 e5 8. d5 a5
9. O-O-O Nc5 10. f3 Qe8 11. g4 a4 12. Kb1 a3 13. b4 Na4 14. Nb5 Qd7 15. Rc1 Ne8
16. Nxa3 c6 17. h4 Nb6 18. Rc3 Nc7 19. Be3 Na4 20. Rb3 b5 21. dxc6 Qxc6 22. cxb5
Qb7 23. Bc4 d5 24. exd5 Rd8 25. Ne2 Nxd5 26. Rd3 Be6 27. Rd1 e4 28. Rxd5 Rxd5
29. Bxd5 Bxd5 30. f4 Rd8 31. Qc2 Qa8 32. b6 Nb2 33. Rxd5 Qxd5 34. Nc1 Nd3 35.
Qc4 Qa8 36. Nb5 Nxc1 37. Bxc1 Rc8 38. Nc7 e3 39. Bxe3 Qh1+ 40. Qc1 Qe4+ 41. Qc2
Qxe3 42. Qc6 Qd2 0-1

[Event "Gibraltar Masters 2020"]
[Site "Caleta ENG"]
[Date "2020.01.25"]
[Round "5.89"]
[White "Stewart, Ashley"]
[Black "De Haan, Eric"]
[Result "0-1"]
[BlackTitle "FM"]
[WhiteElo "2152"]
[BlackElo "2308"]
[WhiteFideId "419001"]
[BlackFideId "1005006"]
[EventDate "2020.01.21"]

1. c4 g6 2. Nc3 Bg7 3. g3 e5 4. Bg2 d6 5. d3 f5 6. e3 a5 7. Nge2 Nf6 8. O-O O-O
9. a3 c6 10. f4 Be6 11. c5 Na6 12. cxd6 Qxd6 13. fxe5 Qxe5 14. Nf4 Bf7 15. d4
Qe7 16. Bd2 Nc7 17. Rb1 Rfd8 18. b4 axb4 19. axb4 Ra3 20. Qc1 Rb3 21. Ncd5 Ncxd5
22. Nxd5 Nxd5 23. Rxb3 Nf4 24. gxf4 Bxb3 25. Qc5 Qd7 26. Ra1 Bd5 27. Bxd5+ Qxd5
28. Qxd5+ Rxd5 29. Kf2 Kf7 30. Ke2 Ke6 31. Kd3 Bf6 32. Ra7 Rd7 33. Ra8 h6 34.
Rg8 g5 35. fxg5 hxg5 36. Re8+ Kf7 37. Ra8 g4 38. Bc3 Ke6 39. Re8+ Re7 40. Ra8
Rh7 41. Ra2 Rh3 42. d5+ cxd5 43. Bxf6 Kxf6 44. Kd4 Ke6 45. b5 Kd6 46. Rc2 Rh4
47. Kd3 Rh6 48. Kd4 Re6 49. Rc8 Re4+ 50. Kd3 Rb4 51. Rd8+ Ke6 52. Re8+ Kf6 53.
Rf8+ Kg6 54. Rg8+ Kf7 55. Rd8 Rxb5 56. Kd4 Ke7 57. Rh8 Kf7 58. Ke5 Kg7 59. Rb8
Kg6 60. Rg8+ Kf7 61. Rb8 d4+ 62. Kxd4 Ke6 63. Re8+ Kd6 64. Rd8+ Kc6 65. h3 Rb2
66. Kc3 Rg2 67. hxg4 fxg4 68. Rg8 g3 69. Kd4 Rg1 70. Rg6+ Kb5 71. Kc3 Kc5 72.
Rg5+ Kd6 73. e4 Ke6 74. e5 Kd5 75. Kb2 Ke4 76. e6 Kf4 77. Re5 g2 78. Re2 Rb1+
79. Kxb1 g1=Q+ 80. Kc2 Qc5+ 81. Kd3 Qe7 82. Kd4 Qd6+ 83. Kc3 Qd1 84. Rf2+ Kg5
85. Kc4 Qe1 86. Rg2+ Kf6 87. e7 Kxe7 88. Rg7+ Kd6 89. Rxb7 Qe4+ 0-1

[Event "Gibraltar Masters 2020"]
[Site "Caleta ENG"]
[Date "2020.01.25"]
[Round "5.90"]
[White "Belenkaya, Dina"]
[Black "Kandic, Milan"]
[Result "0-1"]
[WhiteTitle "WGM"]
[BlackTitle "FM"]
[WhiteElo "2304"]
[BlackElo "2132"]
[WhiteFideId "24142654"]
[BlackFideId "926752"]
[EventDate "2020.01.21"]

1. e4 c5 2. Nf3 Nc6 3. Bb5 g6 4. O-O Bg7 5. Re1 Nd4 6. Bf1 e6 7. c3 Nxf3+ 8.
Qxf3 Ne7 9. d3 O-O 10. Bg5 f6 11. Be3 d6 12. Qe2 f5 13. f4 fxe4 14. dxe4 e5 15.
fxe5 Bxe5 16. Bh6 Rf7 17. Nd2 Be6 18. Nf3 Bg4 19. Qe3 Bxf3 20. gxf3 Qc7 21. Kh1
Kh8 22. Bc4 d5 23. exd5 Bd6 24. Qd3 Nf5 25. Bd2 b5 26. Bxb5 Bxh2 27. d6 Bxd6 28.
Re6 Bf8 29. f4 Rd8 30. Qc2 Re7 31. Rae1 Rxe6 32. Rxe6 Qb7+ 33. Bc6 Qc8 34. Qb3
Rxd2 35. Kg1 Rd8 36. Bf3 Ng7 37. Re1 c4 38. Qa4 Bc5+ 39. Kg2 Rd2+ 40. Re2 Rxe2+
41. Bxe2 Qb7+ 42. Kh2 Qe4 43. Qxc4 Qxc4 44. Bxc4 Be3 45. Bd5 Bxf4+ 46. Kg2 Be5
47. Kf3 h5 48. Ke4 Bf6 49. Kd3 g5 50. b4 g4 51. a4 h4 52. a5 h3 53. b5 g3 54. b6
axb6 55. a6 g2 56. a7 g1=Q 57. a8=Q+ Kh7 58. Be4+ Kh6 59. Qh8+ Kg5 60. Qxh3 Qb1+
61. Ke3 Qc1+ 62. Ke2 Qb2+ 63. Kd1 Qxc3 64. Bd3 Qb3+ 65. Kd2 Bc3+ 66. Ke3 Qe6+
67. Qxe6 Nxe6 68. Bf1 Nc5 69. Be2 Kf5 70. Bf1 Ke5 71. Be2 Kd5 72. Bb5 Ba5 73.
Bf1 Nb3 74. Bb5 Kc5 75. Ba6 Bb4 76. Kd3 Na5 77. Kc2 Nc6 78. Bf1 Nd4+ 79. Kd3 Be1
80. Ke4 Bf2 81. Ba6 Kb4 82. Kd5 Ka5 83. Bf1 Nb3 84. Be2 Nd4 85. Bf1 Nc2 86. Be2
Nb4+ 87. Kd6 Bg3+ 88. Kd7 Nc2 89. Bd3 Nd4 90. Bf1 Kb4 91. Kc8 Kc5 92. Kb7 Nf5
93. Ka7 Nd6 94. Be2 Bf2 95. Ba6 Kc6 96. Kb8 Bg3 97. Ka8 Nb5 98. Bb7+ Kc5 99. Bc6
Nd6 100. Bd7 Nb5 101. Bc6 Nd4 102. Be8 Nc6 103. Kb7 Nd4 104. Bd7 Nb5 105. Ka6
Nd6 106. Ba4 b5 107. Bxb5 Nxb5 108. Kb7 Nc7 109. Ka7 Kc6 110. Kb8 Bf2 111. Kc8
Na6 112. Kd8 Bc5 113. Ke8 Nb4 114. Kf7 Kd6 115. Kf6 Nd3 116. Kf5 Kd5 117. Kg4
Ke4 118. Kg3 Nf4 119. Kh2 Kf3 120. Kh1 Ne2 121. Kh2 Ng3 122. Kh3 Bg1 123. Kh4
Ne4 124. Kh5 Kf4 125. Kg6 Bc5 126. Kf7 Ke5 127. Ke8 Kd6 128. Kd8 Ba7 129. Kc8
Kc6 130. Kd8 Nd6 131. Ke7 Be3 132. Ke6 Bf4 133. Kf6 Kd7 134. Kg6 Ke6 135. Kh5
Kf5 136. Kh4 Ke4 137. Kg4 Nf7 138. Kh3 Kf3 139. Kh4 Ng5 140. Kh5 Ke4 141. Kg4
Ke5 142. Kh5 Kf5 143. Kh4 Be5 144. Kh5 Nf3 145. Kh6 Bf6 146. Kh5 Nd4 147. Kh6
Ne6 148. Kh5 Nf4+ 149. Kh6 Ke6 150. Kh7 Kf7 151. Kh6 Be7 152. Kh7 Bf8 153. Kh8
Ne6 154. Kh7 Ng5+ 0-1

[Event "Gibraltar Masters 2020"]
[Site "Caleta ENG"]
[Date "2020.01.25"]
[Round "5.91"]
[White "Spence, David J"]
[Black "Ranaldi, Lucas"]
[Result "0-1"]
[BlackTitle "FM"]
[WhiteElo "2146"]
[BlackElo "2296"]
[WhiteFideId "407429"]
[BlackFideId "1519484"]
[EventDate "2020.01.21"]

1. e4 c5 2. c3 d5 3. exd5 Qxd5 4. d4 Nf6 5. Nf3 e6 6. Be3 cxd4 7. cxd4 Bb4+ 8.
Nc3 O-O 9. Bd3 Bd7 10. O-O Bxc3 11. bxc3 Bb5 12. Bxb5 Qxb5 13. Qb3 Qa6 14. Rab1
b6 15. Bg5 Nbd7 16. c4 Rac8 17. Rbc1 Qa5 18. Rfd1 h6 19. Bd2 Qf5 20. Bb4 Rfd8
21. Qa4 a5 22. Be7 Re8 23. Bd6 g5 24. h3 Kh7 25. Re1 g4 26. hxg4 Qxg4 27. Qc2+
Qg6 28. Qxg6+ Kxg6 29. Re3 Rc6 30. Ne5+ Nxe5 31. Bxe5 Nh5 32. g4 Nf6 33. f3 Nd5
34. Re2 Rec8 35. Rec2 Nb4 36. Rh2 Rxc4 37. Rxc4 Rxc4 38. Bf4 Nd5 39. Bxh6 Rxd4 0-1

[Event "Gibraltar Masters 2020"]
[Site "Caleta ENG"]
[Date "2020.01.25"]
[Round "5.92"]
[White "Antova, Gabriela"]
[Black "Dolzhikova, Olga"]
[Result "1/2-1/2"]
[WhiteTitle "FM"]
[BlackTitle "WGM"]
[WhiteElo "2295"]
[BlackElo "2123"]
[WhiteFideId "2915235"]
[BlackFideId "14105870"]
[EventDate "2020.01.21"]

1. d4 g6 2. e4 Bg7 3. Nc3 d5 4. exd5 Nf6 5. Bc4 Nbd7 6. Nf3 Nb6 7. Bb3 O-O 8. h3
Nbxd5 9. Nxd5 Nxd5 10. O-O c6 11. Re1 Qc7 12. Ne5 Be6 13. Qf3 Rad8 14. Qg3 Rfe8
15. Bd2 Qc8 16. c4 Nb6 17. Be3 f6 18. d5 cxd5 19. Bxb6 axb6 20. cxd5 fxe5 21.
dxe6 Rd4 22. h4 Rf8 23. h5 gxh5 24. Qg5 Qe8 25. Bd1 Qg6 26. Qxh5 Rd2 27. Qxg6
hxg6 28. Bf3 e4 29. Rxe4 Bxb2 30. Rd1 Rxd1+ 31. Bxd1 Rd8 32. Bf3 Kg7 33. Re2 Bd4
34. Bxb7 Kf6 35. Ba6 Bc5 36. g3 Rd4 37. Kg2 Rb4 38. Bd3 Bd4 39. Re4 Bc5 40. Re2
Bd4 41. Re4 Bc5 42. Re2 Bd4 43. Bc2 Rb2 44. a4 Bc5 45. f4 Ra2 46. Kh3 g5 47. Kg4
gxf4 48. gxf4 Ra3 49. f5 Bd6 50. Rg2 Rc3 51. Kh4 Rc8 52. Kg4 Rc3 53. Kh4 Rc8 54.
Kg4 Rg8+ 55. Kf3 Rxg2 56. Kxg2 Be5 57. Kf3 Bd6 58. Ke4 Bc5 59. Bd3 Bd6 60. Bb5
Bh2 61. Bc6 Bg1 1/2-1/2

[Event "Gibraltar Masters 2020"]
[Site "Caleta ENG"]
[Date "2020.01.25"]
[Round "5.93"]
[White "Povah, Nigel E"]
[Black "Hamer, Martyn"]
[Result "1-0"]
[WhiteTitle "IM"]
[WhiteElo "2284"]
[BlackElo "2069"]
[WhiteFideId "400467"]
[BlackFideId "413160"]
[EventDate "2020.01.21"]

1. d4 h6 2. e4 g5 3. Nc3 Bg7 4. Be3 c5 5. Nge2 cxd4 6. Nxd4 d6 7. Bc4 Nf6 8. f3
Bd7 9. Qd2 Nc6 10. Bb3 Qa5 11. O-O-O Rc8 12. g4 h5 13. h3 Nxd4 14. Qxd4 a6 15.
Nd5 Rc5 16. Nxe7 Re5 17. Nf5 Bxf5 18. gxf5 O-O 19. Qxd6 Rxe4 20. fxe4 Nxe4 21.
Qd3 Nc3 22. bxc3 Bxc3 23. Kb1 1-0

[Event "Gibraltar Masters 2020"]
[Site "Caleta ENG"]
[Date "2020.01.25"]
[Round "5.94"]
[White "Sowray, Peter J"]
[Black "Semprun Martinez, Fernando"]
[Result "1-0"]
[WhiteTitle "FM"]
[WhiteElo "2272"]
[BlackElo "2099"]
[WhiteFideId "400971"]
[BlackFideId "2203170"]
[EventDate "2020.01.21"]

1. d4 Nf6 2. c4 c5 3. d5 b5 4. cxb5 a6 5. f3 axb5 6. e4 Qa5+ 7. Bd2 b4 8. Na3 d6
9. Nc4 Qd8 10. Bd3 g6 11. a3 bxa3 12. Rxa3 Rxa3 13. bxa3 Bg7 14. Qb3 Qc7 15. Ne2
O-O 16. O-O Ba6 17. Rb1 Nbd7 18. Qa4 Ra8 19. Nc3 Qc8 20. Qc6 Bxc4 21. Qxc8+ Rxc8
22. Bxc4 Ne5 23. Bb5 Ne8 24. a4 Nc7 25. Be2 Nd7 26. Rb7 c4 27. Rb4 Bd4+ 28. Kf1
Bc5 29. Rb7 Ne5 30. a5 Kf8 31. Bd1 Ke8 32. Ba4+ Kd8 33. a6 Ra8 34. f4 Nd3 35.
Bc6 Nxa6 36. Rd7+ Kc8 37. Rxe7 Rb8 38. Nb5 1-0

[Event "Gibraltar Masters 2020"]
[Site "Caleta ENG"]
[Date "2020.01.25"]
[Round "5.95"]
[White "Kovacevic, Blazimir"]
[Black "Giacomini, Hector"]
[Result "1-0"]
[WhiteTitle "GM"]
[WhiteElo "2451"]
[BlackElo "2161"]
[WhiteFideId "14502712"]
[BlackFideId "605352"]
[EventDate "2020.01.21"]

1. c4 e6 2. Nc3 d5 3. d4 Nf6 4. cxd5 exd5 5. Bg5 Be7 6. e3 O-O 7. Bd3 Nbd7 8.
Nf3 Re8 9. Qc2 Nf8 10. h3 c6 11. Bf4 Ng6 12. Bh2 Bd6 13. Bxd6 Qxd6 14. O-O-O Be6
15. Kb1 Rac8 16. g4 b6 17. g5 Ne4 18. Nxe4 dxe4 19. Bxe4 Bd5 20. Nd2 c5 21. f3
cxd4 22. Qd3 dxe3 23. Bxd5 Ne5 24. Ne4 Nxd3 25. Nxd6 e2 26. Bxf7+ Kf8 27. Bxe8 1-0

[Event "Gibraltar Masters 2020"]
[Site "Caleta ENG"]
[Date "2020.01.25"]
[Round "5.96"]
[White "Baert, Andy"]
[Black "Seul, Georg"]
[Result "1-0"]
[WhiteTitle "FM"]
[BlackTitle "IM"]
[WhiteElo "2138"]
[BlackElo "2401"]
[WhiteFideId "200107"]
[BlackFideId "4601653"]
[EventDate "2020.01.21"]

1. d4 Nf6 2. c4 e6 3. Nc3 Bb4 4. Qc2 d5 5. cxd5 Qxd5 6. Nf3 Qf5 7. Qxf5 exf5 8.
Bd2 c6 9. g3 Be6 10. Bg2 O-O 11. O-O Nbd7 12. Rfc1 Nb6 13. Ne5 Rfd8 14. e3 Be7
15. Ne2 Bd5 16. Ba5 Bxg2 17. Kxg2 Re8 18. Rc2 h5 19. Nf4 Bd6 20. Nfd3 Bxe5 21.
Nxe5 Nbd5 22. Rac1 Ne4 23. Bd2 Rad8 24. Nd3 g5 25. b4 Re6 26. a4 a6 27. Rb1 Nd6
28. h3 Re7 29. Nc5 f6 30. Nd3 Rc7 31. Kf3 Kf7 32. Be1 h4 1-0

[Event "Gibraltar Masters 2020"]
[Site "Caleta ENG"]
[Date "2020.01.25"]
[Round "5.97"]
[White "Ioannidis, Evgenios"]
[Black "Veltkamp, Gerben"]
[Result "1-0"]
[WhiteTitle "IM"]
[WhiteElo "2373"]
[BlackElo "2140"]
[WhiteFideId "4229274"]
[BlackFideId "4631307"]
[EventDate "2020.01.21"]

1. e4 e5 2. Nf3 Nc6 3. Bc4 Nf6 4. d3 Be7 5. O-O O-O 6. Re1 d6 7. a3 Kh8 8. h3
Ng8 9. Nc3 f5 10. Nd5 fxe4 11. dxe4 Be6 12. b4 Qd7 13. Qd3 Rxf3 14. Qxf3 Rf8 15.
Qd3 Bh4 16. Be3 Qf7 17. Re2 Nd4 18. Bxd4 exd4 19. f4 Nh6 20. Qxd4 Bf6 21. e5
dxe5 22. fxe5 Bg5 23. Rf2 Nf5 24. Rxf5 Bxf5 25. Rf1 c6 26. g4 Qg6 27. Ne3 Bxe3+
28. Qxe3 h5 29. Qc5 1-0

[Event "Gibraltar Masters 2020"]
[Site "Caleta ENG"]
[Date "2020.01.25"]
[Round "5.98"]
[White "Vega Gutierrez, Belinda"]
[Black "Salimova, Nurgyul"]
[Result "1/2-1/2"]
[WhiteTitle "WIM"]
[BlackTitle "IM"]
[WhiteElo "2132"]
[BlackElo "2372"]
[WhiteFideId "2229994"]
[BlackFideId "2915138"]
[EventDate "2020.01.21"]

1. e4 c6 2. d4 d5 3. Nc3 dxe4 4. Nxe4 Bf5 5. Ng3 Bg6 6. h4 h6 7. Nf3 Nd7 8. h5
Bh7 9. Bd3 Bxd3 10. Qxd3 e6 11. Bf4 Qa5+ 12. Bd2 Bb4 13. c3 Be7 14. Ne4 Ngf6 15.
c4 Qc7 16. O-O-O Rd8 17. Kb1 c5 18. Bc3 cxd4 19. Nxd4 O-O 20. Nxf6+ Nxf6 21. Qe2
Qf4 22. f3 a6 23. g4 Rd7 24. Rd2 Rfd8 25. Rhd1 Qc7 26. Nb3 Rxd2 27. Rxd2 Rxd2
28. Nxd2 Nd7 29. Ne4 Nb6 30. b3 Nd7 31. Qe3 b5 32. cxb5 axb5 33. Qd2 Qc6 34. Kb2
Nb6 35. Bb4 Bxb4 36. Qxb4 Nd5 37. Qd6 Qa8 38. a3 Qa5 39. Qd7 Qe1 40. Qxb5 Qd1
41. Qe8+ Kh7 42. Qxf7 Qe2+ 43. Kc1 Qe1+ 44. Kc2 Qe2+ 45. Kc1 Qe1+ 46. Kc2 1/2-1/2